Online katalóg knižníc regiónu Turca

Machule / (Record no. 22328)

MARC details
000 -LEADER
fixed length control field 00736nam a22002531 4500
001 - CONTROL NUMBER
control field 22328
003 - CONTROL NUMBER IDENTIFIER
control field CZ PrNK
005 - DATE AND TIME OF LATEST TRANSACTION
control field 20260326140122.0
008 - FIXED-LENGTH DATA ELEMENTS--GENERAL INFORMATION
fixed length control field 020105s1956 xo slo
040 ## - CATALOGING SOURCE
Original cataloging agency ABA001
Language of cataloging cze
Transcribing agency ABA001
Modifying agency ABA001
080 ## - UNIVERSAL DECIMAL CLASSIFICATION NUMBER
Universal Decimal Classification number 885.4-1(084.1)
Edition identifier undef
100 1# - MAIN ENTRY--PERSONAL NAME
Personal name Smrek, Ján,
Dates associated with a name 1898-1982
Relationship aut
245 10 - TITLE STATEMENT
Title Machule /
Statement of responsibility, etc. Ján Smrek, Vincent Hložník
250 ## - EDITION STATEMENT
Edition statement 1. vyd.
260 ## - PUBLICATION, DISTRIBUTION, ETC.
Place of publication, distribution, etc. Bratislava :
Name of publisher, distributor, etc. Slov. spis.,
Date of publication, distribution, etc. 1956
Place of manufacture (Martin :
Manufacturer Severoslovenské tlač.)
300 ## - PHYSICAL DESCRIPTION
Extent [55] s. ;
Dimensions
490 1# - SERIES STATEMENT
Series statement Spisovatelia mládeži
500 ## - GENERAL NOTE
General note Ilustr.
500 ## - GENERAL NOTE
General note 10.400 výtl.
700 1# - ADDED ENTRY--PERSONAL NAME
Personal name Hložník, Vincent,
Dates associated with a name 1919-1997
Relationship aut
830 #0 - SERIES ADDED ENTRY--UNIFORM TITLE
Uniform title Spisovatelia mládeži
910 ## - USER-OPTION DATA (OCLC)
User-option data ABA001
942 ## - ADDED ENTRY ELEMENTS (KOHA)
Source of classification or shelving scheme Dewey Decimal Classification
Koha item type Krásna literatúra pre deti
Suppress in OPAC No
Holdings
Stav vyradenia Strata Poškodenie Spôsob nadobudnutia Domovská knižnica Aktuálna knižnica Dátum nadobudnutia Total checkouts Čiarový kód exemplára Date last seen Typ exemplára
      Dar Obecná knižnica Turčianska Štiavnička Obecná knižnica Turčianska Štiavnička 26.03.2026   4738000746 26.03.2026 Krásna literatúra pre deti
Projekt je podporený Slovenskou asociáciou knižníc
Prevádzkuje Turčianska knižnica Martin 2026